000 00342nam a2200133Ia 4500
008 231221s9999 xx 000 0 und d
020 _a978-1-4614-7714-3
041 _aEnglish
100 _aGreg O'Toole
245 0 _aSustainable Web Ecosystem Design
260 _c2013
_bSpringer US
_aNew York
650 _aComputer Science
942 _cEB
999 _c218892
_d218892